[Event "Greenhills op"]
[Site "Manila"]
[Date "1997.??.??"]
[Round "3"]
[White "Del Pilar, Reynaldo"]
[Black "Djuric, Stefan"]
[Result "0-1"]
[WhiteElo "2270"]
[BlackElo "2535"]
[PlyCount "86"]
[EventDate "1997.??.??"]
[Source "www.chesslib.no"]
[SourceDate "2004.05.04"]

1. e4 e5 2. Nf3 Nc6 3. Bc4 Be7 4. O-O Nf6 5. d3 d6 6. a4 O-O 7. Nbd2 a6 8. a5 Be6 9. Re1 Kh8 10. c3 Rb8 11. Nf1 Qd7 12. Ng3 h6 13. Bb3 Bxb3 14. Qxb3 Qe6 15. Qxe6 fxe6 16. Bd2 g5 17. h3 Kg7 18. d4 g4 19. dxe5 gxf3 20. exf6+ Bxf6 21. gxf3 Ne5 22. Kg2 Nd3 23. Reb1 Bg5 24. f4 Bxf4 25. Nh5+ Kg6 26. Nxf4+ Nxf4+ 27. Bxf4 Rxf4 28. f3 Rbf8 29. Rf1 Kh5 30. Rf2 Kh4 31. Rg1 Rg8+ 32. Kh2 Rxg1 33. Kxg1 Kg3 34. Rg2+ Kxf3 35. Rg7 Rxe4 36. Rxc7 Re1+ 37. Kh2 Re2+ 38. Kg1 Rxb2 39. Rh7 Rg2+ 40. Kf1 Rh2 41. Rf7+ Ke4 42. Rxb7 Rxh3 43. Rb6 Ke5 0-1

[Event "CSR Team Ch"]
[Site "Czekhoslovakia"]
[Date "1992.??.??"]
[Round "?"]
[White "Velicka, Petr"]
[Black "Tichy, Vladimir"]
[Result "1/2-1/2"]
[WhiteElo "2410"]
[BlackElo "2395"]
[PlyCount "90"]
[EventDate "1992.??.??"]
[Source "www.chesslib.no"]
[SourceDate "2004.05.04"]

1. e4 e5 2. Nf3 Nc6 3. Bc4 Be7 4. c3 Nf6 5. d3 d6 6. O-O O-O 7. a4 Ne8 8. a5 a6 9. Qb3 Bf6 10. h3 Qe7 11. Be3 Rb8 12. Nbd2 Be6 13. Bd5 Nd8 14. d4 Bxd5 15. exd5 e4 16. Nh2 Bh4 17. f3 Nf6 18. Bf2 Bxf2+ 19. Rxf2 e3 20. Re2 Nh5 21. Ndf1 Nf4 22. Rxe3 Qg5 23. g3 Qxd5 24. Qxd5 Nxd5 25. Re2 Nc6 26. Ne3 Rfe8 27. Kf2 Rxe3 28. Rxe3 Nxe3 29. Kxe3 Ne7 30. Kd3 Kf8 31. Nf1 Ke8 32. Ne3 Kd7 33. f4 h5 34. f5 f6 35. Rf1 Rh8 36. Rf4 Rh6 37. b4 d5 38. Ke2 Kc6 39. Kd3 Kd7 40. Rf1 Kd6 41. Rb1 g6 42. fxg6 Rxg6 43. Rg1 b6 44. axb6 cxb6 45. Rg2 Kc6 1/2-1/2

[Event "Bhilwara"]
[Site "New Delhi IND"]
[Date "1986.??.??"]
[Round "?"]
[White "Thipsay, Praveen Mahadeo"]
[Black "Meetei, AB."]
[Result "1-0"]
[WhiteElo "2485"]
[BlackElo "2320"]
[PlyCount "113"]
[EventDate "1986.??.??"]
[Source "www.chesslib.no"]
[SourceDate "2004.05.04"]

1. e4 e5 2. Nf3 Nc6 3. Bc4 Be7 4. d4 d6 5. Nc3 Nf6 6. h3 O-O 7. O-O h6 8. Re1 Re8 9. Be3 Bf8 10. Bb3 a6 11. dxe5 dxe5 12. Qxd8 Nxd8 13. Nd5 Nxd5 14. exd5 Bd6 15. c4 b6 16. Ba4 Re7 17. Bd2 Rb8 18. b4 b5 19. Bb3 bxc4 20. Bxc4 c6 21. Rac1 Bb7 22. dxc6 Nxc6 23. a3 Rc7 24. Bd5 Nd4 25. Rxc7 Bxc7 26. Bxb7 Rxb7 27. Nxd4 exd4 28. Re8+ Kh7 29. Kf1 Bb6 30. Ke2 d3+ 31. Kxd3 Rd7+ 32. Ke2 Bxf2 33. Bxh6 Kxh6 34. Kxf2 Rd2+ 35. Re2 Rd3 36. Re3 Rd2+ 37. Kf3 Kg5 38. Re5+ f5 39. Ra5 Rd3+ 40. Ke2 Rd6 41. g3 g6 42. Ke3 Kh6 43. Rc5 Kg5 44. Rc3 Rd1 45. Rd3 Re1+ 46. Kd2 Ra1 47. Kc2 Rh1 48. h4+ Kh5 49. a4 Ra1 50. b5 Rxa4 51. b6 Rb4 52. Rb3 Rc4+ 53. Kd3 Rc8 54. Kd4 a5 55. Kd5 a4 56. Ra3 Rc1 57. Rxa4 1-0

[Event "Cannes Martinez op"]
[Site "Cannes"]
[Date "1996.??.??"]
[Round "5"]
[White "Oratovsky, Michael"]
[Black "Villeneuve, Alain"]
[Result "1/2-1/2"]
[WhiteElo "2485"]
[BlackElo "2320"]
[PlyCount "56"]
[EventDate "1996.08.??"]
[Source "www.chesslib.no"]
[SourceDate "2004.05.04"]

1. e4 e5 2. Nf3 Nc6 3. Bc4 Be7 4. O-O Nf6 5. d3 O-O 6. Re1 d6 7. a3 Be6 8. Nc3 h6 9. h3 Qd7 10. Nd5 Rae8 11. c3 Bd8 12. d4 exd4 13. cxd4 Bxd5 14. exd5 Rxe1+ 15. Nxe1 Ne7 16. Qb3 c6 17. dxc6 Nxc6 18. Qd3 a6 19. Ba2 Re8 20. Nf3 Ne7 21. Bf4 Ned5 22. Bg3 Nc7 23. Qb3 Ne6 24. Re1 Nf8 25. Rxe8 Nxe8 26. Qd5 Bb6 27. b4 Ne6 28. Qc4 Nf6 1/2-1/2

[Event "Milovan Prvulj Mem"]
[Site "Pancevo"]
[Date "2003.03.03"]
[Round "5"]
[White "Vratonjic, Slobodan"]
[Black "Orlov, Pavle"]
[Result "1/2-1/2"]
[WhiteElo "2435"]
[BlackElo "2369"]
[PlyCount "48"]
[EventDate "2003.02.28"]
[Source "Roberto Alvarez"]
[SourceDate "2003.03.03"]

1. e4 e5 2. Nf3 Nc6 3. Bc4 Be7 4. O-O d6 5. c3 Nf6 6. d3 Na5 7. Bb5+ c6 8. Ba4 b5 9. Bc2 c5 10. Re1 Rb8 11. Nbd2 O-O 12. h3 Qc7 13. Nf1 Re8 14. d4 cxd4 15. cxd4 Bd7 16. d5 Rec8 17. Bd3 Qb7 18. b3 b4 19. Qe2 Bb5 20. Bd2 Nd7 21. Bxb5 Qxb5 22. Qxb5 Rxb5 23. Rac1 Nc5 24. Be3 Nab7 1/2-1/2

[Event "Poznan"]
[Site "Poznan POL"]
[Date "1987.??.??"]
[Round "?"]
[White "Ernst, Thomas"]
[Black "Bernard, Ryszard"]
[Result "0-1"]
[WhiteElo "2465"]
[BlackElo "2335"]
[PlyCount "94"]
[EventDate "1987.10.??"]
[Source "www.chesslib.no"]
[SourceDate "2004.05.04"]

1. e4 e5 2. Nf3 Nc6 3. Bc4 Be7 4. d4 d6 5. O-O Nf6 6. d5 Nb8 7. Bd3 O-O 8. c4 Nbd7 9. Nc3 Nh5 10. Rb1 a5 11. a3 Nf4 12. Bc2 g5 13. b4 axb4 14. axb4 Kh8 15. Be3 Rg8 16. Ra1 Rxa1 17. Qxa1 Nf8 18. Kh1 N8g6 19. g3 Bg4 20. Ng1 Nh3 21. f3 Bd7 22. Qa7 Nxg1 23. Rxg1 Qc8 24. c5 h6 25. Qa2 Rf8 26. g4 Nh4 27. Bd1 Qa8 28. Qc4 Qa3 29. Be2 Ra8 30. Rb1 Kg7 31. Kg1 Qa7 32. Kf2 Qb8 33. b5 dxc5 34. Bxc5 Bxc5+ 35. Qxc5 b6 36. Qc4 Ng6 37. Na2 Qf8 38. Nb4 Ra4 39. Qc3 Qd6 40. Rb2 Nf4 41. Bf1 Ng6 42. Na6 Qf6 43. Nxc7 Rxe4 44. Bd3 Rxg4 45. Bxg6 Kxg6 46. Re2 Rd4 47. Qe3 e4 0-1